000 00434 a2200145 4500
999 _c3364
_d3364
020 _a9788176297899
050 _aHV6080 KAU 2006
100 _aKaur, Rajpal
_eAuthor
245 _aCriminal psychology :
_bnew trends and innovations /
_cRajpal Kaur
264 _aNew Delhi
_bDeep and Deep Publications
_c2006
300 _axi,240p.
500 _aIncludes bibliography
650 _aCriminal psychology.
942 _2lcc
_cBK
_h6080
_iKAU
_k2006